100 Essential Mandarin Chinese Words - Statistics

General Stats
  • This quiz has been taken 160 times
  • The average score is 30 of 94
Answer Stats
Hint Answer % Correct
你 nǐ you
96%
我 wǒ I
94%
他 tā he
92%
她 tā she
84%
我们 wǒmen we
81%
他们 tāmen they
79%
什么 shénme what
77%
这 zhè this
76%
那 nà that
59%
不 bù not / no
58%
就 jiù then / just
51%
人 rén person
50%
所以 suǒyǐ so
49%
可以 kěyǐ may / can
47%
哪儿 nǎr where
47%
好 hǎo good
46%
会 huì can / will
44%
上 shàng up / on
44%
是 shì to be
43%
想 xiǎng to think / want
43%
很 hěn very
43%
不好 bù hǎo bad
40%
爱 ài love
40%
年 nián year
40%
但是 dànshì but
39%
天 tiān day
39%
怎么 zěnme how
39%
今天 jīntiān today
39%
去 qù to go
38%
明天 míngtiān tomorrow
38%
昨天 zuótiān yesterday
38%
喜欢 xǐhuān like
37%
谢谢 xièxie thanks
37%
有 yǒu to have
37%
要 yào want / need
37%
家 jiā home
34%
为什么 wèishénme why
33%
也 yě also
32%
现在 xiànzài now
32%
工作 gōngzuò work
32%
对 duì correct
31%
太 tài too
31%
对 duì toward / correct
31%
因为 yīnwèi because
30%
钱 qián money
30%
看 kàn to see
30%
下 xià down
29%
来 lái to come
29%
做 zuò to do
29%
给 gěi to give
28%
听 tīng to listen
28%
外 wài outside
27%
说 shuō to say
27%
知道 zhīdào know
26%
对不起 duìbuqǐ sorry
26%
如果 rúguǒ if
24%
或者 huòzhě or
24%
哪 nǎ which
24%
常常 chángcháng often
23%
跟 gēn with
23%
在 zài at / in progress
22%
觉得 juéde feel / think
22%
从 cóng from
22%
时间 shíjiān time
22%
都 dōu all
21%
里 lǐ inside
21%
请 qǐng please
21%
错 cuò wrong
20%
多少 duōshao how much
19%
真 zhēn really
19%
已经 yǐjīng already
17%
应该 yīnggāi should
17%
一点 yìdiǎn a little
14%
几 jǐ how many
14%
问题 wèntí problem
14%
再 zài again
13%
希望 xīwàng hope
13%
重要 zhòngyào important
13%
明白 míngbái understand
13%
生活 shēnghuó life
12%
一样 yíyàng same
12%
还 hái still
12%
正在 zhèngzài currently
11%
事 shì thing
11%
没关系 méi guānxi no problem
10%
到 dào arrive
9%
不一样 bù yíyàng different
9%
怕 pà fear
9%
可能 kěnéng possible
6%
能 néng able to
4%
一定 yídìng definitely
2%
了 le completed action
1%
过 guo experienced
1%
没 méi not have
1%
No matching quizzes found
Score Distribution
Percent of People with Each Score
Percentile by Number Answered
Your Score History
You have not taken this quiz